000 00900cam a2200181 a 4500
020 _a9746311433
040 _cDLC
082 0 0 _a330 SOC 1994 A021 Or.
245 0 0 _aEntrepreneurship and socio-economic transformation in Thailand and Southeast Asia :
_bproceedings of the seminar of Bangkok, February 1993, Chulalongkorn University /
260 _aBangkok :
_bSocial Research Institute of Chulalongkorn University,
_cc1994.
300 _avi, 338 p. ;
_c27 cm.
500 _a"Chulalongkorn University, Social Research Institute ; French Institute for Scientific Research for Development in Cooperation".
520 _aProceedings of the International Seminar on "Entrepreneurship and Socio-Economic Transformation in Thailand and South East Asia", held in February 1993.
650 0 _aEntrepreneurship
650 0 _aEntrepreneurship
710 0 _aČhulālongkō̜nmahāwitthayālai.
942 _cEK
999 _c12566
_d12566